| 000 | 01282nam a2200265Ia 4500 | ||
|---|---|---|---|
| 001 | 21843 | ||
| 005 | 20260320113317.0 | ||
| 008 | 260320s9999||||xx |||||||||||||| ||und|| | ||
| 020 | _a9786123226312 | ||
| 041 | _aESP | ||
| 082 |
_a345.4 _bV32 |
||
| 100 |
_aVargas Meléndez, Rikell, _eAUT |
||
| 245 | 0 |
_aLa casación penal : _banálisis dogmático y jurisprudencial modelos de recursos |
|
| 246 |
_a _5 _b |
||
| 250 | _aPrimera edición | ||
| 260 |
_aLima : _bInstituto Pacífico, _c2025 |
||
| 300 |
_a1085 páginas : _b _c25 cm. _e |
||
| 440 |
_a _n _v |
||
| 650 | _aCIS | ||
| 653 | _aDerecho; Derecho procesal penal; La sentencia | ||
| 654 | _aDER | ||
| 700 |
_a _c |
||
| 856 |
_uhttps://palestra-tirantonline-com.ucsp.lookproxy.com/base/per/biblioteca_virtual/9788490864791?general=la+casacion+penal&index=1&navigate_url=%2Fbase%2Fper%2Fbibliotecavirtual%2Fsearches%2Fnavigate%3Ftoken_id%3D69136ae6051e39000b4a368e&next_index=2&num_found=3985&pais=per&prev_index=0&route=ser&search_type=bibliotecavirtual&search_url=%2Fbase%2Fper%2Fbibliotecavirtual%2Fsearches%3Findex%3D1%26token_id%3D69136ae6051e39000b4a368e&token_id=69136ae6051e39000b4a368e&tolgeo=latam _zVéase además: Manual práctico del recurso de casación penal. Versión digital |
||
| 942 |
_cLIB _dJUS _fTRC _2ddc _n |
||
| 999 |
_c21843 _d21843 |
||